Swamy's compilation of the medical attendance rules (Record no. 44984)

MARC details
000 -LEADER
fixed length control field 00333nam a2200121Ia 4500
082 ## - DEWEY DECIMAL CLASSIFICATION NUMBER
Classification number 34:614.253.5
Item number MUT
245 #0 - TITLE STATEMENT
Title Swamy's compilation of the medical attendance rules
260 ## - PUBLICATION, DISTRIBUTION, ETC. (IMPRINT)
Place of publication New Delhi
Name of publisher Swamy
Year of publication 1961
650 ## - SUBJECT ADDED ENTRY--TOPICAL TERM
Topical Term Medical attendance
700 ## - ADDED ENTRY--PERSONAL NAME
Personal name Muthuswamy, P
942 ## - ADDED ENTRY ELEMENTS (KOHA)
Koha item type Books
Holdings
Withdrawn status Lost status Damaged status Not for loan Collection code Home library Current library Date acquired Cost, normal purchase price Full call number Accession Number Koha item type
        Out of station RRII Library RRII Library 16/12/2021 15.00 34:614.253.5 MUT Z00094 Books